| 000 | 00617nam a2200205Ia 4500 | ||
|---|---|---|---|
| 003 | GCL | ||
| 008 | 140319s9999 xx 000 0 ara d | ||
| 040 |
_aGCL / _cGCL |
||
| 082 | 0 | 4 |
_a212.2 _bس ر |
| 100 | 1 | _aسعيد النورسى | |
| 245 | 1 | 0 |
_aرسالة الى كل مريض ومبتلى / _cسعيد النورسى |
| 700 | 1 | _aاحسان قاسم الصالحى | |
| 260 |
_a[S.N] : _bمكتب النور ، _c1992 |
||
| 300 | _a96 ص | ||
| 490 | _a | ||
| 650 | 0 | 4 | _aالاخلاق الاسلامية |
| 650 | 0 | 4 | _aالاسلام والعلم |
| 650 | 0 | 4 | _aالاسلام والطب |
| 942 |
_2ddc _cBK |
||
| 999 |
_c55419 _d55419 |
||